000 00492nam a2200169Ia 4500
003 GCL
008 140319s9999 xx 000 0 eng d
040 _aGCL /
_cGCL
082 0 4 _a361.3
_bY L
100 1 _aYELLOLY, MARGERET
245 1 0 _aLEARNING AND TEACHING IN SOCIAL WORK: TOWARDS REFLECTIVE PRACTICE /
_cYELLOLY, MARGERET
700 1 _aHENKEL, MARY
260 _a[S.N] :
_bJESSICA KINGSLEY PUBLISHERS ،
_c1995
300 _a230 P
650 0 4 _aSOCIAL WORK - WOMEN
942 _2ddc
_cBK
999 _c24561
_d24561